000 00348nam a2200133Ia 4500
008 210210b1995 xxu||||| |||| 00| 0 eng d
082 _aS891.9 BHAP
100 _aBHAT (G N).
245 _aPeep in to the past.
260 _aMangalore
_bCanara High School Association
_c1995
300 _aviii,99
690 _aSanskrit Criticism
906 _a051255
999 _c100002
_d100002